Vista normal
Vista MARC
Entrada Término de materia
Número de registros utilizados en: 176
001 - NÚMERO DE CONTROL
- Campo de control: 28658
003 - IDENTIFICADOR DE NÚMERO DE CONTROL
- Campo de control: ES-MaCES
005 - FECHA Y HORA DE LA ULTIMA MODIFICACION
- Campo de control: 19981120142300.0
008 - ELEMENTOS DE DATOS DE LONGITUD FIJA
- Campo de longitud fija: 981120 | azznnbabn |n ana d
035 ## - NÚMERO DE CONTROL DEL SISTEMA
- Número de control del sistema: (ILOT)3617
035 ## - NÚMERO DE CONTROL DEL SISTEMA
- Número de control del sistema: CES19980021597s
040 ## - FUENTE DE LA CATALOGACIÓN
- Agencia original de catalogación: ES-MaCES
- Idioma de catalogación: spa
- Agencia de transcripción: ES-MaCES
072 #7 - CÓDIGO DE CATEGORIA DE MATERIA
- Código de categoría temática: 15.03.1
- Fuente del código: ilot
150 ## - ENCABEZAMIENTO--MATERIA
- Término de materia o geográfico como elemento de entrada: alimentación
750 #7 - ENTRADA DE ENLACE DE ENCABEZAMIENTO ESTABLECIDO--MATERIA
- Término de materia o nombre geográfico como elemento de entrada: alimentation
- Fuente del encabezamiento o término: tbit
750 #7 - ENTRADA DE ENLACE DE ENCABEZAMIENTO ESTABLECIDO--MATERIA
- Término de materia o nombre geográfico como elemento de entrada: feeding
- Fuente del encabezamiento o término: ilot
901 ## - CES. DATOS SIRTEX
- ID Sirtex (N5N8): 0007700002159
- 005BIS Sirtex: 199811201423BATCH

